00832nam a2200193 a 450000500170000000800410001702000180005805000230007624500610009926000350016030000170019544000380021250000200025052001970027065000110046765000270047899900190050595201140052420140412111312.0010326s19uu xx 00 eng d a0-7835-1303-8 aREF 170bC54La v.4 aThe Land of toys :ba book about looking after our toys. aAsia :bTime Life Asia,c1997. a32 p. ; ill. aA Child's First Library of Values aw/ casette tape aKen thinks his new toys are boring and he wants to throw them away. However, a visit to the land of unwanted toys makes him realize just how lucky he is and why he should look after his toys. aValues aToys stories - Fiction c104020d104020 001040aELbELcREFd2001-03-26eLib. Fundl0oREF 170 C54La v.4pE6277r2014-04-12 00:00:00w2014-04-12yBK